00581 2200217 4500001002100000005001700021008004100038035002400079082001200103090001900115100001700134245004100151260003300192300002300225500004000248650002600288850001500314980001300329985000600342999001500348YOGYA-0209000001362420090227022336.0 ind  0010-020900000013624 a297.219 a297.219bSab S aSABIQ, Sayid aSaatnya hari pembalasancSayid Sabiq aJakartabPustaka Damarc2000 avi, 120 hlmc14 cm aJudul asli : Al-Aqaid Al-Islamiyyah aIslam - Hari kemudian aYOPDYOG(B) a05-07-05 a1 a00P0006464